Rush Songs Using Any Word - Statistics

General Stats
  • This quiz has been taken 212 times
  • The average score is 95 of 175
Answer Stats
Answer % Correct
A Farewell to Kings
98%
A Passage to Bangkok
98%
By-Tor and the Snow Dog
97%
Closer to the Heart
97%
Cut to the Chase
97%
Cygnus X-1 Book I: The Voyage
97%
The Enemy Within (Part I of Fear)
97%
The Garden
97%
The Larger Bowl (A Pantoum)
97%
The Spirit of Radio
97%
The Weapon (Part II of Fear)
97%
Ghost of a Chance
96%
Out of the Cradle
96%
The Camera Eye
96%
The Color of Right
96%
The Fountain of Lamneth
96%
The Speed of Love
96%
The Trees
96%
Half the World
95%
In the End
95%
In the Mood
95%
Red Sector A
95%
Roll the Bones
95%
The Analog Kid
95%
The Big Money
95%
The Big Wheel
95%
The Necromancer
95%
The Pass
95%
The Seeker
95%
The Twilight Zone
95%
The Wreckers
95%
Turn the Page
95%
Between the Wheels
94%
Carve Away the Stone
94%
The Anarchist
94%
The Body Electric
94%
The Main Monkey Business
94%
The Stars Look Down
94%
The Way the Wind Blows
94%
Take a Friend
93%
I Think I'm Going Bald
91%
Best I Can
90%
Fly by Night
90%
Tom Sawyer
90%
Cygnus X-1 Book II: Hemispheres
87%
Time and Motion
85%
Witch Hunt (Part III of Fear)
84%
You Can't Fight It
84%
2112
81%
Where's My Thing? (Part IV of Gangster of Boots Trilogy)
81%
New World Man
80%
Working Man
80%
Cinderella Man
79%
Digital Man
79%
Red Barchetta
79%
Beneath, Between and Behind
78%
Red Lenses
78%
Red Tide
78%
We Hold On
78%
Freeze (Part IV of Fear)
77%
Before and After
76%
For What It's Worth
76%
Test for Echo
75%
Between Sun and Moon
74%
Seven and Seven Is
74%
You Bet Your Life
74%
Lock and Key
73%
Something for Nothing
73%
Armor and Sword
72%
One Little Victory
71%
Limelight
70%
YYZ
70%
Anagram (For Mongo)
69%
Heart Full of Soul
68%
Seven Cities of Gold
68%
Stick it Out
68%
La Villa Strangiato
67%
How It Is
64%
Losing It
63%
Shapes of Things
63%
Workin' Them Angels
63%
Time Stand Still
60%
Bastille Day
59%
Finding My Way
57%
Need Some Love
57%
Subdivisions
57%
Clockwork Angels
56%
Presto
55%
Freewill
54%
Xanadu
52%
Jacob's Lader
49%
Leave That Thing Alone
49%
Vapor Trail
47%
Vital Signs
46%
Natural Science
44%
What You're Doing
44%
Distant Early Warning
43%
Entre Nous
43%
Show Don't Tell
40%
Lakeside Park
39%
Tears
39%
Manhattan Project
38%
Not Fade Away
38%
Anthem
37%
Circumstances
37%
Cold Fire
37%
Force Ten
37%
Hand Over Fist
36%
Chemistry
35%
Countdown
35%
Different Strings
33%
Lessons
33%
BU2B
32%
Far Cry
32%
Kid Gloves
32%
Rivendell
31%
Animate
30%
Dog Years
30%
Face Up
30%
Madrigal
30%
Middletown Dreams
30%
Tai Shan
30%
Available Light
28%
BU2B2
28%
Wish Them Well
28%
Dreamline
27%
Here Again
27%
Mystic Rhythms
27%
War Paint
27%
High Water
26%
Marathon
26%
Afterimage
24%
Nobody's Hero
24%
Bravado
23%
Ghost Rider
23%
Making Memories
23%
Summertime Blues
23%
Bravest Face
20%
Caravan
20%
Good News First
20%
Grand Designs
20%
Driven
19%
Mission
18%
Territories
18%
Alien Shore
17%
Emotion Detector
17%
Headlong Flight
17%
Open Secrets
17%
Prime Mover
17%
Hope
16%
Scars
16%
Superconductor
16%
Carnies
15%
Chain Lightning
15%
Crossroads
14%
Malignant Narcissism
14%
Double Agent
13%
Earthshine
13%
Mr. Soul
13%
Neurotica
13%
Second Nature
13%
Everyday Glory
12%
Secret Touch
12%
Faithless
11%
Resist
11%
Ceiling Unlimited
10%
Heresy
10%
Spindrift
10%
Totem
10%
Virtuality
10%
Halo Effect
9%
Peaceable Kingdom
9%
Limbo
8%
Sweet Miracle
7%
Nocturne
6%
No matching quizzes found
Score Distribution
Percent of People with Each Score
Percentile by Number Answered
Your Score History
You have not taken this quiz